000 00268nam a2200109Ia 4500
008 220216s9999 xx 000 0 und d
100 _aSommer John G
245 0 _aPhysical properties and their meaning
260 _bRubber World
_c1996
300 _a18-20
942 _cJS
999 _c64954
_d64954